Statistiques concernant Villes de France ayant accueilli des matchs du XV de France.

Cliquez ici pour prendre le quiz!

Statistiques générales

  • Ce quiz a été pris 453 fois
  • Le résultat moyen est 24 sur 44

Réponses sur la Carte

Les réponses sont colorées sur une échelle allant du rouge au vert en fonction du pourcentage des utilisateurs qui les ont devinées à leur premier essai. Vous pouvez retrouver ces pourcentages ci-dessous.
 

Statistiques - réponses

MatchesVilles% Correct
83Paris
100%
11Bordeaux
97%
15Marseille
96%
16Toulouse
96%
3Lille
95%
8Lyon
93%
11Nantes
89%
105Saint-Denis
86%
1Nice
85%
2Toulon
82%
1Bourg-en-Bresse
81%
1Montpellier
80%
1Bayonne
79%
3Clermont
78%
1Strasbourg
77%
1Pau
75%
5Grenoble
73%
2Saint-Étienne
65%
2Le Havre
61%
1Lens
60%
1Dijon
57%
3Agen
47%
1Castres
47%
1Narbonne
47%
3Béziers
46%
1Brive
46%
96Colombes
46%
3Tarbes
42%
1Valence
40%
1Auxerre
36%
1Montauban
35%
2Auch
34%
2Besançon
32%
1Arras
29%
1Lourdes
27%
1Chambéry
25%
4Villeneuve-d'Ascq
24%
1Nanterre
23%
1Aurillac
20%
1Chalon-sur-Saône
19%
1Vichy
18%
1Lons le Saunier
13%
1Saint-Gaudens
8%
2Le Creusot
5%

Distribution des résultats

Percentile par nombre de réponses

% des personnes avec chaque résultat

Votre développement - résultats

Vous n’avez pas pris ce quiz